ILLUSTRATED DACEASY ACCOUNTING 4.2 (Record no. 107663)

MARC details
000 -LEADER
fixed length control field 00488nam a2200181Ia 4500
008 - FIXED-LENGTH DATA ELEMENTS--GENERAL INFORMATION
fixed length control field 090124s9999 xx 000 0 und d
082 ## - DEWEY DECIMAL CLASSIFICATION NUMBER
Item number 41522
100 ## - MAIN ENTRY--PERSONAL NAME
Personal name KARPLUS LESTER C.
245 ## - TITLE STATEMENT
Title ILLUSTRATED DACEASY ACCOUNTING 4.2
250 ## - EDITION STATEMENT
Edition statement 0
260 ## - PUBLICATION, DISTRIBUTION, ETC. (IMPRINT)
Name of publisher, distributor, etc BPB PUBLICATIONS
Date of publication, distribution, etc 1992
300 ## - PHYSICAL DESCRIPTION
Extent 368
600 ## - SUBJECT ADDED ENTRY--PERSONAL NAME
Personal name KARPLUS LESTER C.
630 ## - SUBJECT ADDED ENTRY--UNIFORM TITLE
Uniform title ILLUSTRATED DACEASY ACCOUNTING 4.2
700 ## - ADDED ENTRY--PERSONAL NAME
Personal name KARPLUS LESTER C.
730 ## - ADDED ENTRY--UNIFORM TITLE
Uniform title ILLUSTRATED DACEASY ACCOUNTING 4.2
942 ## - ADDED ENTRY ELEMENTS (KOHA)
Koha item type Book
Holdings
Withdrawn status Lost status Damaged status Not for loan Home library Current library Date acquired Cost, normal purchase price Total Checkouts Full call number Barcode Date last seen Cost, replacement price Price effective from Koha item type
        Nagar Wachan Mandir, Thane Nagar Wachan Mandir, Thane   150.00   41522 THNNWM-41522 01/24/2009 150.00 01/24/2009 Book